Megan Moroney Charting Songs (Billboard Hot 100) - Statistics

General Stats
  • This quiz has been taken 221 times
    85 since last reset
  • The average score is 7 of 15
Answer Stats
Album Weeks On Peak Artist(s) Song % Correct
Am I Okay? 40 Weeks #34 Megan Moroney Am I Okay?
90%
Cloud 9 1 Week #63 Megan Moroney Cloud 9
69%
Cloud 9 30 Weeks #29 Megan Moroney 6 Months Later
63%
Cloud 9 1 Week #67 Megan Moroney & Ed Sheeran I Only Miss You
60%
Cloud 9 3 Weeks #39 Megan Moroney Medicine
60%
Cloud 9 27 Weeks #32 Megan Moroney Beautiful Things
58%
Cloud 9 3 Weeks #58 Megan Moroney Wedding Dress
56%
Lucky 28 Weeks #30 Megan Moroney Tennessee Orange
50%
Cloud 9 1 Week #83 Megan Moroney Stupid
46%
Non-Album Single 1 Week #86 Megan Moroney ft. Kenny Chesney You Had to Be There
44%
Cloud 9 6 Weeks #41 Megan Moroney Wish I Didn't
35%
Cloud 9 1 Week #68 Megan Moroney Who Hurt You?
33%
Cloud 9 1 Week #97 Megan Moroney Convincing
31%
Am I Okay? 2 Weeks #58 Megan Moroney No Caller ID
29%
Am I Okay? 2 Weeks #91 Megan Moroney Indifferent
25%
No matching quizzes found
Score Distribution
Percent of People with Each Score
Percentile by Number Answered
Your Score History
You have not taken this quiz since the last reset